000
00272nam a2200133Ia 4500
008
230818s2007 xx 000 0 und d
041
_a
eng
100
_a
Disoza
245
_a
Shikshan vichar
260
_c
2007
300
_a
466p
520
_a
Misc
999
_c
852736
_d
852736
650
_a
General